Statistics for 500 Largest Cities in Minnesota by Population

Click here to take the quiz!

General Stats

  • This quiz has been taken 2,190 times
  • The average score is 100 of 500

Answer Stats

PopulationCity% Correct
413,651Minneapolis
98%
302,390St. Paul
97%
86,293Duluth
90%
114,011Rochester
85%
67,641St. Cloud
76%
85,319Bloomington
75%
51,350Edina
71%
762Maple
68%
52,369Minnetonka
67%
41,720Mankato
66%
69,576Maple Grove
65%
79,707Brooklyn Park
61%
63,914Eden Prairie
60%
14,942Bemidji
59%
13,349Brainerd
59%
66,428Eagan
58%
77,216Plymouth
58%
69,820Woodbury
57%
51,957Apple Valley
56%
61,290Burnsville
56%
61,938Lakeville
55%
19,292Stillwater
55%
42,492Moorhead
54%
62,892Blaine
53%
62,359Coon Rapids
52%
48,747St. Louis Park
52%
17,400Anoka
51%
40,610Shakopee
51%
13,568Alexandria
50%
30,870Brooklyn Center
50%
6,088International Falls
50%
27,139Winona
50%
25,634White Bear Lake
49%
16,526Red Wing
48%
4,522Wayzata
48%
17,667Albert Lea
47%
35,691Roseville
47%
26,016Chaska
46%
11,211Grand Rapids
46%
16,093Hibbing
46%
25,469Chanhassen
44%
24,364Elk River
44%
24,720Austin
43%
3,390Ely
43%
19,600Forest Lake
43%
1,339Grand Marais
43%
22,602Hastings
43%
25,773Owatonna
43%
35,949Richfield
43%
20,217South St. Paul
43%
8,523Virginia
43%
16,103Buffalo
42%
3,562Two Harbors
42%
40,150Maplewood
41%
13,342New Ulm
41%
25,863Prior Lake
41%
36,029Cottage Grove
40%
18,105Hopkins
40%
19,746West St. Paul
40%
8,677Cambridge
39%
12,111Cloquet
39%
22,656Farmington
39%
20,445Northfield
39%
30,807Savage
39%
9,165Detroit Lakes
38%
27,476Fridley
38%
11,692St. Peter
38%
23,662Faribault
37%
13,419Fergus Falls
37%
21,376Golden Valley
37%
9,451Hermantown
37%
35,077Inver Grove Heights
37%
13,664Marshall
37%
9,394Mound
37%
12,748Rogers
37%
23,911Rosemount
37%
32,461Andover
36%
21,018Lino Lakes
36%
26,548Shoreview
36%
7,401Albertville
35%
13,888Hutchinson
35%
13,429Monticello
35%
52,95Morris
35%
12,338North St Paul
35%
8,009Orono
35%
2,754Roseau
35%
17,295St. Michael
35%
4,707Princeton
34%
1,830Hinckley
33%
10,344Little Canada
33%
8,689Little Falls
33%
13,631Sauk Rapids
33%
8,796Thief River Falls
33%
13,136Worthington
33%
7,956Wyoming
33%
7,635New Prague
32%
26,206Ramsey
32%
10,638Big Lake
31%
24,231Champlin
31%
7,804Crookston
31%
6,143Jordan
31%
11,280Mendota Heights
31%
3,562Mora
31%
22,496New Brighton
31%
20,877New Hope
31%
10,317North Branch
31%
28,073Oakdale
31%
2,752Osseo
31%
1,794Warroad
31%
8,699East Grand Forks
30%
5,594Isanti
30%
8.915Lake Elmo
30%
2,832Moose Lake
30%
3,065Pine City
30%
17,147Sartell
30%
23,028Crystal
29%
3,238Jackson
29%
2,901Milaca
29%
3,935Park Rapids
29%
4,366Sauk Centre
29%
10,324Arden Hills
28%
16,221Ham Lake
28%
14,532Hugo
28%
11,964Waconia
28%
19,558Wilmar
28%
5,499Zimmerman
28%
3,211Blue Earth
27%
19,723Columbia Heights
27%
5,962Delano
27%
3,979Le Sueur
27%
5,207Montevideo
27%
12,952Mounds View
27%
14,461Robbinsdale
27%
4,785Becker
26%
5,554Falcon Heights
26%
4,658Luverne
26%
8,211Mahtomedi
26%
4,106Pipestone
26%
1,508Red Lake
26%
6,472Spring Lake Park
26%
9,007St Anthony
26%
9,074Waseca
26%
2,009Aitkin
25%
7,009Belle Plaine
25%
4,106Cannon Falls
25%
5,062Chisago City
25%
10,115Fairmont
25%
6,648Litchfield
25%
5,015Redwood Falls
25%
1,804Silver Bay
25%
3,409Zumbrota
25%
4,628Carver
24%
1,787Clearwater
24%
5,042Lake City
24%
13,619North Mankato
24%
1,016Taylors Falls
24%
13,321Vadnais Heights
24%
8,917Victoria
24%
4,134Wadena
24%
933Walker
24%
2,991Afton
23%
3,647Eveleth
23%
6,240Medina
23%
16,094Otsego
23%
7,466St Francis
23%
2,453Wabasha
23%
4,316Watertown
23%
1,032Baudette
22%
8,198Baxter
22%
5,503Glencoe
22%
4,357Rockford
22%
6,743St. Joseph
22%
2,668Albany
21%
3,315Annandale
21%
2,652Foley
21%
2,757Granite Falls
21%
4,457Lindstrom
21%
1,432Madison
21%
2,109Maple Lake
21%
2,014Nisswa
21%
2,053Springfield
21%
7,428Waite Park
21%
1,629Ada
20%
11,713East Bethel
20%
2,316Excelsior
20%
2,233Gaylord
20%
3,680Norwood Young America
20%
3,059Proctor
20%
1,361Rice
20%
3,132Rush City
20%
7,642Shorewood
20%
4,497St. James
20%
1,046Carlton
19%
4,955Circle Pines
19%
5,387Dayton
19%
7,397Minnetrista
19%
2,650Sandstone
19%
546Stewart
19%
53,81St Paul Park
19%
4,519Windom
19%
3,101Benson
18%
2,731Cokato
18%
4,108Cold Spring
18%
4,016Columbus
18%
2,337Crosby
18%
1,638Esko
18%
4,822La Crescent
18%
1,807Maple Plain
18%
3,481Newport
18%
2,487Paynesville
18%
504Bethel
17%
3,935Centerville
17%
4,145Grant
17%
978Houston
17%
796Isle
17%
6,264Kasson
17%
2,510Lauderdale
17%
646Motley
17%
4,845Oak Park Heights
17%
2,353Olivia
17%
3,360Pine Island
17%
3,481Sleepy Eye
17%
2,898Staples
17%
3,720St Charles
17%
6,089Stewartville
17%
1,350Appleton
16%
1,400Bagley
16%
662Clear Lake
16%
1,425Dassel
16%
4,397Dilworth
16%
4,625Elko New Market
16%
2,445Le Center
16%
1,376New London
16%
8,545Oak Grove
16%
1,830Ortonville
16%
2,471Pelican Rapids
16%
544Sunfish Lake
16%
1,527Avon
15%
3,426Bayport
15%
5,392Byron
15%
2,786Caledonia
15%
641Center City
15%
568Cook
15%
3,843Deephaven
15%
2,562Glenwood
15%
3,360Hanover
15%
1,142Harris
15%
2,045Howard Lake
15%
3,740Independence
15%
1,827Lakeland
15%
739Lanesboro
15%
853Lilydale
15%
1,828Long Lake
15%
2,907Montgomery
15%
2,261Pequot Lakes
15%
3,300Perham
15%
4,086Scandia
15%
1,198Spicer
15%
1,845Waterville
15%
985Biwabik
14%
749Cass Lake
14%
2,702Dodge Center
14%
900Henderson
14%
1,828Kenyon
14%
2,020Lexington
14%
1,229Mahnomen
14%
5,099North Oaks
14%
1,305Preston
14%
1,439Richmond
14%
2,158Arlington
13%
2,576Barnesville
13%
779Blackduck
13%
3,270Breckenridge
13%
933Deer River
13%
2,024Eyota
13%
1,984Mayer
13%
1,362Minneota
13%
3,102Montrose
13%
2,869Mountain Iron
13%
1,227New York Mills
13%
864Onamia
13%
1,482Oronoco
13%
1,717Osakis
13%
1,717Rushford
13%
2,035Slayton
13%
1,261Starbuck
13%
813Walnut Grove
13%
1,547Warren
13%
1,652Aurora
12%
1,720Canby
12%
1,598Cologne
12%
2,226Crosslake
12%
2,992Eagle Lake
12%
1,499Fosston
12%
1,790Gilbert
12%
685Hampton
12%
998Harmony
12%
2,272Janesville
12%
2,498Lake Crystal
12%
3,896Lonsdale
12%
1,210Mantorville
12%
1,387Red Lake Falls
12%
1,216Royalton
12%
807Silver Lake
12%
2,425Spring Valley
12%
1,343Wheaton
12%
1,507Babbitt
11%
768Belgrade
11%
1,777Braham
11%
2,804Chatfield
11%
1,322Clara City
11%
1,490Dundas
11%
1,035Eden Valley
11%
2,948Greenfield
11%
2,195Hawley
11%
588Hill City
11%
1,989Hoyt Lakes
11%
558Ironton
11%
779Kimball
11%
668Loretto
11%
2,239Madelia
11%
1,706Mapleton
11%
694Marine on St. Croix
11%
828Mazeppa
11%
1,256Medford
11%
1,134Nicollet
11%
3,239Plainview
11%
1,555Tonka
11%
1,120Atwater
10%
603Barnum
10%
699Cleveland
10%
2,728Cohasset
10%
1,230Cottonwood
10%
1,422Dawson
10%
667Elysian
10%
832Emily
10%
1,154Fairfax
10%
1,376Frazee
10%
657Freeport
10%
1,185Goodhue
10%
734Greenwood
10%
734Hilltop
10%
550Ivanhoe
10%
1,350Pierz
10%
929Pine River
10%
2,526Rockville
10%
1,091Sherburn
10%
2,060Tracy
10%
1,112Tyler
10%
1,352Winthrop
10%
778Adams
9%
1,223Adrian
9%
888Battle Lake
9%
743Brooten
9%
985Buhl
9%
4,940Chisolm
9%
516Deerwood
9%
1,093Dellwood
9%
747Dover
9%
842Fertile
9%
517Floodwood
9%
4,099Goodview
9%
611Grove City
9%
724Karlstad
9%
612Little Fork
9%
2,102Mountain Lake
9%
1,202Renville
9%
1,092Wanamingo
9%
653Welcome
9%
2,225Wells
9%
978Bird Island
8%
2,361Breezy Point
8%
734Brownton
8%
1,371Glyndon
8%
538Green Isle
8%
1,061Hector
8%
790Lake Park
8%
730Landfall
8%
1,564Lewiston
8%
1,141Madison Lake
8%
1,326Menahga
8%
657Minnesota Lake
8%
988Morristown
8%
611Ottertail
8%
1,593Rock Creek
8%
981Scanlon
8%
1,037Shafer
8%
1,786Spring Park
8%
1,475Stacey
8%
860St. Stephen
8%
1,058Truman
8%
938Watkins
8%
1,367Winnebago
8%
695Buffalo Lake
7%
506Eagle Bend
7%
1,073Elgin
7%
690Ellendale
7%
747Gibbon
7%
555Graceville
7%
726Greenbush
7%
527Hamburg
7%
1,323Hayfield
7%
669Hills
7%
711Holdingford
7%
652Kasota
7%
922Le Roy
7%
960Nashwauk
7%
1,199New Richland
7%
620Randall
7%
683Sebeka
7%
649Stephen
7%
962Vineland
7%
513Amboy
6%
634Argyle
6%
3,071Arnold
6%
802Bovey
6%
753Browerville
6%
549Browns Valley
6%
652Clarissa
6%
815Clarkfield
6%
522Clearbrook
6%
670Courtland
6%
1,020East Gull Lake
6%
1,231Fulda
6%
538Geneva
6%
623Glenville
6%
571Good Thunder
6%
660Heron Lake
6%
610Jasper
6%
1,034Keewatin
6%
722Kerkhoven
6%
658Lake Benton
6%
1,629Lakefield
6%
780Lamberton
6%
3,334Long Prarie
6%
541Lyle
6%
752Raymond
6%
510Sacred Heart
6%
1,296Spring Grove
6%
2,372St. Bonifacious
6%
574Verndale
6%
661Wabasso
6%
567White Earth
6%
2,295Winstead
6%
519Audubon
5%
622Balaton
5%
880Birchwood Village
5%
1,987Blooming Prarie
5%
590Butterfield
5%
1,132Edgerton
5%
517Foreston
5%
1,160Grand Meadow
5%
746Hancock
5%
692Hendricks
5%
799Henning
5%
1,039Lake Shore
5%
1,076Lake St. Croix Beach
5%
1,687Lester Prarie
5%
541Racine
5%
557Sabin
5%
687The Lakes
5%
707Trimont
5%
784Twin Valley
5%
567Halstad
4%
559Hokah
4%
685Marble
4%
618Mcintosh
4%
854Morgan
4%
1,016Parkers Prarie
4%
517Pennock
4%
560Ranier
4%
636Taconite
4%
546Ulen
4%
678Brownsdale
3%
1,156Elbow Lake City
3%
631Elmore
3%
651La Prarie
3%
1,170Little Rock
3%
1,013Martin Lake
3%
791Ponemah
3%
1,578Redby
3%
652Rollingstone
3%
810Rushford Village
3%
764Warsaw
3%
722Westbrook
3%
544Clairmont
2%
5,686Concordan
2%
552Minetonka Beach
2%
4,641Nowthwen
2%
834St. Claire
2%
1,412Waverley
2%
640Aldon
1%
673Clarcks Grove
1%
1,990Coleirane
1%
598Evansdale
1%
930Hanlock
1%
676Hoffton
1%
505Nytahwaush
1%
726Stockon
1%
773West Concorde
1%

Score Distribution

Percentile by Number Answered

Percent of People with Each Score

Your Score History

You have not taken this quiz